Normal view
MARC view
- Agnisakshi
Entry Topical Term
001 - CONTROL NUMBER
- control field: 245
003 - CONTROL NUMBER IDENTIFIER
- control field: OSt
005 - DATE AND TIME OF LATEST TRANSACTION
- control field: 20150716113200.0
008 - FIXED-LENGTH DATA ELEMENTS
- fixed length control field: 150716|| aca||aabn | a|a d
040 ## - CATALOGING SOURCE
- Original cataloging agency: OSt
- Transcribing agency: OSt
150 ## - HEADING--TOPICAL TERM
- Topical term or geographic name as entry element: Agnisakshi
670 ## - SOURCE DATA FOUND
- Source citation: Work cat.: (OSt): ലളിതാംബിക അന്തർജ്ജനം 244, അഗ്നിസാക്ഷി , 2004
